Infancia de la patria /

Guardado en:
Autor Principal: Bastianini, Carlos O.
Formato: Libro
Publicado: Buenos Aires : La nena, 1950
Edición:2
Materias:
Etiquetas: Agregar Etiqueta
Sin Etiquetas, Sea el primero en etiquetar este registro!
LEADER 00437nam a22001695a 4500
001 CEM.cems000878
005 20060213000000.0
008 130507s1950##################000#0#####d
003 CEMS
082 0 4 |a 923 
100 1 |a Bastianini, Carlos O. 
245 1 0 |a Infancia de la patria / 
250 |a 2 
260 |a Buenos Aires :  |b La nena,  |c 1950 
300 |a 119 
653 |a Biografias 
859 |a CEMS  |b BIB. CEMS - 11 de abril  |h 923  |i Sa53a2b  |p 9729.81  |t Ej.1